Identifikácia heterogenity a komplexných štrukturálnych zmien v rakovinových genómoch
Saved in:
| Main Author: | |
|---|---|
| Other Authors: | |
| Format: | Manuscript Book |
| Language: | Slovak |
| Published: |
2025
|
| Subjects: | |
| Online Access: | http://is.stuba.sk/zp/portal_zp.pl?podrobnosti=184050 |
| Tags: |
No Tags, Be the first to tag this record!
|
MARC
| LEADER | 00000ntm a22000003a 4500 | ||
|---|---|---|---|
| 001 | stuzp105768 | ||
| 003 | SK-STU | ||
| 005 | 20250607211529.2 | ||
| 007 | ta | ||
| 008 | 150427s2015----xo-----f-mn---000-0-slo-d | ||
| 040 | |a STU |b slo | ||
| 041 | 0 | |a slo | |
| 100 | 1 | |a Hanus, Bruno |u 070200 |4 aut |U FIIT Fakulta informatiky a informačných technológií |T FIIT Ústav informatiky, informačných systémov a softvérového inžinierstva |X 102935 |U I200 |Y 179 |7 102935 | |
| 242 | 0 | 1 | |a Identifying Heterogeneity and Complex Structural Changes in the Cancer Genome |y eng |
| 245 | 1 | 0 | |a Identifikácia heterogenity a komplexných štrukturálnych zmien v rakovinových genómoch |
| 260 | |c 2025 | ||
| 650 | 4 | |a translocations |2 eng | |
| 650 | 4 | |a delly |2 eng | |
| 650 | 4 | |a circos |2 eng | |
| 650 | 4 | |a circos |2 slo | |
| 650 | 4 | |a delly |2 slo | |
| 650 | 4 | |a translokácie |2 slo | |
| 700 | 1 | |a Kováčová, Monika |u 070200 |k Z1 |4 ths |U FIIT Fakulta informatiky a informačných technológií |T FIIT Ústav informatiky, informačných systémov a softvérového inžinierstva |X 2333 |U I200 |Y 179 |7 A000002333 | |
| 856 | 4 | |u http://is.stuba.sk/zp/portal_zp.pl?podrobnosti=184050 | |